Effectiveness of herbicides on phkarumdoul variety under preykhmer soil condition at osarat commune, teamkok district, takeo province ប្រសិទ្ធិភាពថ្នាំសម្លាប់ស្មៅលើពូជស្រូវផ្ការំដួលលក្ខខណ្ឌដីព្រៃខ្មែរ នៅឃុំអូសារាយ ស្រុកត្រាំកក់ ខេត្តតាកែវ. (Record no. 1218)

000 -LEADER
fixed length control field 00807nam a22001577a 4500
003 - CONTROL NUMBER IDENTIFIER
control field OSt
005 - DATE AND TIME OF LATEST TRANSACTION
control field 20150924164429.0
008 - FIXED-LENGTH DATA ELEMENTS--GENERAL INFORMATION
fixed length control field 150924b xxu||||| |||| 00| 0 eng d
040 ## - CATALOGING SOURCE
Transcribing agency RUA
082 ## - DEWEY DECIMAL CLASSIFICATION NUMBER
Classification number AGR PEN 2013 BO55 OR.1
100 ## - MAIN ENTRY--PERSONAL NAME
9 (RLIN) 1285
Personal name PENH, LEAKNHAK
245 ## - TITLE STATEMENT
Title Effectiveness of herbicides on phkarumdoul variety under preykhmer soil condition at osarat commune, teamkok district, takeo province ប្រសិទ្ធិភាពថ្នាំសម្លាប់ស្មៅលើពូជស្រូវផ្ការំដួលលក្ខខណ្ឌដីព្រៃខ្មែរ នៅឃុំអូសារាយ ស្រុកត្រាំកក់ ខេត្តតាកែវ.
260 ## - PUBLICATION, DISTRIBUTION, ETC. (IMPRINT)
Place of publication, distribution, etc. Phnom phen
Name of publisher, distributor, etc. RUA
Date of publication, distribution, etc. 2013
300 ## - PHYSICAL DESCRIPTION
Extent IX, 42p.
Other physical details ill.
Dimensions 29cm.
942 ## - ADDED ENTRY ELEMENTS (KOHA)
Source of classification or shelving scheme
Koha item type AGR
Holdings
Price effective from Date last seen Permanent Location Not for loan Date acquired Source of classification or shelving scheme Koha item type Lost status Withdrawn status Total Renewals Date last checked out Total Checkouts Shelving location Damaged status Barcode Current Location Full call number
2015-09-242016-08-30Library Block B 2015-09-24 AGR  22016-08-292B055 RUA004682Library Block BAGR PEN 2013 BO55 OR.1
2015-09-242015-09-24Library Block B 2015-09-24 AGR     B055 RUA004619Library Block BAGR PEN 2013 BO55 OR.2
2015-09-242015-09-24Library Block B 2015-09-24 AGR     B055 RUA005606Library Block BAGR PEN 2013 BO55 OR.3
2015-09-242015-09-24Library Block B 2015-09-24 AGR     B055 RUA004694Library Block BAGR PEN 2013 BO55 OR.4
2015-09-242016-08-19Library Block B 2015-09-24 AGR   2016-08-021B055 RUA004996Library Block BAGR PEN 2013 BO55 OR.5
មជ្ឈមណ្ឌលឯការនៃសាកលវិទ្យាល័យភូមិន្ទកសិកម្មចំការដូង

Powered by Koha